| 000 | 00000nas 2200000zi 4500 |
| 001 | 9.507763 |
| 003 | CaOODSP |
| 005 | 20240104113837 |
| 006 | m o d f |
| 007 | cr ||||||||||| |
| 008 | 150406c20119999oncar p o f0 a0eng|d |
| 040 | |aCaOODSP|beng|erda|cCaOODSP |
| 043 | |an-cn--- |
| 086 | 1 |aCC402-3E-PDF |
| 110 | 2 |aCanadian Air Transport Security Authority. |
| 245 | 10|aAnnual report on the administration of the Privacy Act / |cCanadian Air Transport Security Authority. |
| 264 | 1|a[Ottawa] : |bCanadian Air Transport Security Authority = Administration canadienne de la sûreté du transport aèrien, |c2011- |
| 310 | |aAnnual |
| 336 | |atext|btxt|2rdacontent |
| 337 | |acomputer|bc|2rdamedia |
| 338 | |aonline resource|bcr|2rdacarrier |
| 362 | 1 |aBegan with 2010/2011. |
| 500 | |aIssued also in French under title: Rapport annuel sur l'application de la Loi sur la protection des renseignements personnels / Administration canadienne de la sûreté du transport aérien. |
| 580 | |aContinues in part: Annual reports on the administration of the Access to Information Act and Privacy Act. |
| 692 | 07|2gccst|aPrivacy |
| 775 | 08|tRapport annuel sur l'application de la Loi sur la protection des renseignements personnels / |w(CaOODSP)9.504142 |
| 780 | 00|tAnnual reports on the administration of the Access to Information Act and Privacy Act |w(CaOODSP)9.804328 |